[Event "7. Arber-Senioren-Cup 2019"]
[Site "Bodenmais"]
[Date "2019.08.04"]
[Round "9.26"]
[White "Berger, Siegfried"]
[Black "Schmid, Johann"]
[Result "1-0"]
[WhiteElo "1548"]
[BlackElo "1842"]
[Annotator "NA"]
[PlyCount "47"]
[EventDate "2019.07.27"]
[EventType "swiss"]
[EventCountry "GER"]
[SourceTitle "playchess.com"]
[Source "ChessBase"]
[SourceQuality "1"]
[TimeControl "60/7800+30:0"]

1. d4 {[%emt 0:00:00]} e6 {[%emt 0:00:00]} 2. Nf3 {[%emt 0:00:00]} f5 {[%emt 0:00:00]} 3. Bf4 {[%emt 0:01:21]} Nf6 {[%emt 0:00:19]} 4. h3 {[%emt 0:01:09]} d5 {[%emt 0:01:40]} 5. e3 {[%emt 0:00:40]} Bd6 {[%emt 0:04:08]} 6. Bxd6 {[%emt 0:02:00]} cxd6 {[%emt 0:00:24]} 7. Bb5+ {[%emt 0:04:36]} Bd7 {[%emt 0:00:34]} 8. Bxd7+ {[%emt 0:02:08]} Qxd7 {[%emt 0:00:08]} 9. Nc3 {[%emt 0:01:23]} O-O {[%emt 0:01:25]} 10. Qe2 {[%emt 0:04:29]} a6 {[%emt 0:01:08]} 11. O-O {[%emt 0:02:18]} Nc6 {[%emt 0:01:19]} 12. a3 {[%emt 0:03:59]} Rac8 {[%emt 0:02:37]} 13. Rac1 {[%emt 0:05:06]} Na5 {[%emt 0:03:11]} 14. Nb1 {[%emt 0:07:21]} Ne4 {[%emt 0:07:30]} 15. Nfd2 {[%emt 0:03:09]} Qc7 {[%emt 0:03:30]} 16. Nxe4 {[%emt 0:02:06]} fxe4 {[%emt 0:00:54]} 17. Nc3 {[%emt 0:05:05]} Nc4 {[%emt 0:01:30]} 18. Rb1 {[%emt 0:01:00]} Nxa3 {[%emt 0:07:36]} 19. bxa3 {[%emt 0:05:01]} Qxc3 {[%emt 0:00:09]} 20. Rxb7 {[%emt 0:02:15]} Qxa3 {[%emt 0:01:19]} 21. Qg4 {[%emt 0:02:55]} Rf7 {[%emt 0:03:19]} 22. Qxe6 {[%emt 0:04:01]} Rcf8 {[%emt 0:00:07]} 23. Rfb1 {[%emt 0:01:15]} Qa5 {[%emt 0:01:26]} 24. Rxf7 {[%emt 0:02:19]} 1-0

[Event "7. Arber-Senioren-Cup 2019"]
[Site "Bodenmais"]
[Date "2019.08.04"]
[Round "9.27"]
[White "Gaedt, Mario"]
[Black "Schuster, Herbert"]
[Result "0-1"]
[WhiteElo "1502"]
[BlackElo "1774"]
[Annotator "NA"]
[PlyCount "54"]
[EventDate "2019.07.27"]
[EventType "swiss"]
[EventCountry "GER"]
[SourceTitle "playchess.com"]
[Source "ChessBase"]
[SourceQuality "1"]
[TimeControl "60/7800+30:0"]

1. d4 {[%emt 0:00:00]} d5 {[%emt 0:00:00]} 2. Nf3 {[%emt 0:00:00]} Nf6 {[%emt 0:00:09]} 3. c4 {[%emt 0:00:02]} e6 {[%emt 0:00:32]} 4. Nc3 {[%emt 0:00:12]} c6 {[%emt 0:00:32]} 5. Bg5 {[%emt 0:00:37]} Be7 {[%emt 0:00:25]} 6. e3 {[%emt 0:00:33]} h6 {[%emt 0:00:35]} 7. Bxf6 {[%emt 0:00:11]} Bxf6 {[%emt 0:00:14]} 8. cxd5 {[%emt 0:00:33]} exd5 {[%emt 0:00:45]} 9. Bd3 {[%emt 0:00:41]} Qb6 {[%emt 0:01:36]} 10. Rb1 {[%emt 0:03:09]} Bg4 {[%emt 0:01:10]} 11. O-O {[%emt 0:00:35]} Nd7 {[%emt 0:01:03]} 12. Re1 {[%emt 0:03:37]} O-O {[%emt 0:03:07]} 13. Bc2 {[%emt 0:03:12]} Rfe8 {[%emt 0:00:17]} 14. h3 {[%emt 0:02:44]} Bh5 {[%emt 0:01:03]} 15. b4 {[%emt 0:04:51]} Qc7 {[%emt 0:00:58]} 16. Ne2 {[%emt 0:04:27]} Re7 {[%emt 0:03:56]} 17. Nf4 {[%emt 0:00:50]} Bxf3 {[%emt 0:01:04]} 18. Qxf3 {[%emt 0:00:49]} Rae8 {[%emt 0:02:02]} 19. Qd1 {[%emt 0:07:00]} Bg5 {[%emt 0:02:30]} 20. Qd3 {[%emt 0:00:45]} Nf8 {[%emt 0:00:11]} 21. Nh5 {[%emt 0:04:30]} g6 {[%emt 0:03:31]} 22. Ng3 {[%emt 0:00:27]} Bxe3 {[%emt 0:01:47]} 23. Qf1 {[%emt 0:11:38]} Bxd4 {[%emt 0:00:38]} 24. Re2 {[%emt 0:02:38]} Qxg3 {[%emt 0:00:33]} 25. Rd2 {[%emt 0:04:24]} Qf4 {[%emt 0:01:43]} 26. Rdd1 {[%emt 0:11:04]} Re2 {[%emt 0:00:27]} 27. Bd3 {[%emt 0:02:47]} Rxf2 {[%emt 0:00:31]} 0-1